| 000 | 01038 a2200217 4500 | ||
|---|---|---|---|
| 003 | Nust | ||
| 005 | 20221014150442.0 | ||
| 010 | _a 99031049 | ||
| 020 | _a8178082993 | ||
| 040 | _cNust | ||
| 082 | 0 | 0 | _a005.74,GAR |
| 100 | 1 |
_aGarcia-Molina, Hector. _9100334 |
|
| 245 | 1 | 0 |
_aDatabase system implementation / _cHector Garcia-Molina, Jeffrey D. Ullman, Jennifer Widom. |
| 260 |
_aUpper Saddle River, N.J. : _bPrentice Hall, _cc2000. |
||
| 300 |
_axv, 653 p. : _bill. ; _c25 cm. |
||
| 505 | _aIntroduction to DBMS implementation(Page-1), Data Storage (Page-21), Representing Data Elements (Page-83), Index Structures (Page-123), Multidimensional Indexes (Page-187), Query Execution (Page-237), The Query Compiler (Page-329), Coping With System Failures (Page-423), Concurrency Control (Page-467), More About Transaction Management (Page-541), Information Integration (Page-595). | ||
| 650 | 0 | _aDatabase management. | |
| 700 | 1 |
_aUllman, Jeffrey D., _d1942- _994174 |
|
| 700 | 1 |
_aWidom, Jennifer. _9100335 |
|
| 942 |
_2ddc _cBK _k005.74,GAR |
||
| 999 |
_c188418 _d188418 |
||